Vista normal
Vista MARC
- CONTAMINACIÓN DE SUELOS
Entrada Topical Term
Número de registros utilizados en: 2
001 - CONTROL NUMBER
- control field: 17589
003 - CONTROL NUMBER IDENTIFIER
- control field: OSt
005 - DATE AND TIME OF LATEST TRANSACTION
- control field: 20160902143442.0
008 - FIXED-LENGTH DATA ELEMENTS
- fixed length control field: 160902|| aca||aabn | a|a d
040 ## - CATALOGING SOURCE
- Original cataloging agency: OSt
- Transcribing agency: OSt
150 ## - HEADING--TOPICAL TERM
- Topical term or geographic name entry element: CONTAMINACIÓN DE SUELOS
670 ## - SOURCE DATA FOUND
- Source citation: Work cat.: (OSt)437: Programa de control de contaminación del suelo